|
|
|
|
| LEADER |
00000naa2a2200000 4500 |
| 001 |
532472 |
| 005 |
20240116092347.0 |
| 035 |
|
|
|a (RuTPU)RU\TPU\prd\219217
|
| 035 |
|
|
|a RU\TPU\prd\219216
|
| 090 |
|
|
|a 532472
|
| 100 |
|
|
|a 20140606a1981 k y0rusy50 ca
|
| 101 |
0 |
|
|a rus
|
| 102 |
|
|
|a RU
|
| 200 |
1 |
|
|a Измерение характеристик светорассеяния как метод исследования электрического старения твердых диэлектриков
|f В. Я. Ушаков [и др.]
|
| 320 |
|
|
|a Библиогр.: с. 158 (2 назв.)
|
| 461 |
|
0 |
|0 (RuTPU)RU\TPU\prd\486
|t Письма в Журнал технической физики
|f Российская академия наук (РАН), Физико-технический институт им. А. Ф. Иоффе (ФТИ) ; Отделение общей физики и астрономии РАН
|d 1975-
|
| 463 |
|
0 |
|0 (RuTPU)RU\TPU\prd\101994
|t Т. 7, вып. 3
|v С. 155-158
|d 1981
|
| 610 |
1 |
|
|a труды учёных ТПУ
|
| 701 |
|
1 |
|a Ушаков
|b В. Я.
|c специалист в области электроэнергетики
|c профессор Томского политехнического университета, доктор технических наук
|f 1939-
|g Василий Яковлевич
|3 (RuTPU)RU\TPU\pers\10509
|9 2236
|
| 701 |
|
1 |
|a Важов
|b В. Ф.
|c специалист в области энергетики
|c доцент Томского политехнического университета, кандидат технических наук
|f 1939-
|g Владислав Фёдорович
|3 (RuTPU)RU\TPU\pers\26506
|
| 701 |
|
1 |
|a Робежко
|b А. Л.
|
| 701 |
|
1 |
|a Ефремова
|b Г. В.
|
| 801 |
|
1 |
|a RU
|b 63413507
|c 20140428
|
| 801 |
|
2 |
|a RU
|b 63413507
|c 20140606
|g RCR
|
| 942 |
|
|
|c BK
|